000 00629nam a2200265Ia 4500
003 OSt
005 20221007110311.0
006 a|||||r|||| 00| 0
007 ta
008 221006b |||||||| |||| 00| 0 eng d
020 _a406591822
024 _a20,839
037 _cTextual
040 _aLCO
_cLCO
_beng
041 _2eng
_aeng
082 _aZ1, L6
100 _aGreig D.W.
245 0 _aInternational Law
250 _a2nd
260 _aLondon
_bButterworths U.K.
_c1976
300 _a944
650 _aINTERNATIONAL LAW
942 _hZ1, L6
_cTEXL
999 _c1190402
_d1190402